Жизнь незамечательных людей: Повести. Рассказы

Bibliografski detalji
Glavni autor: Кураев Михаил Николаевич
Jezik:ruski
Izdano: Курган, Зауралье, 1999
Serija:Современная русская классика
Teme:
Format: Knjiga
KOHA link:https://koha.lib.tpu.ru/cgi-bin/koha/opac-detail.pl?biblionumber=29505

MARC

LEADER 00000nam0a2200000 4500
001 29505
005 20231030203505.0
010 |a 5872472102 
035 |a (RuTPU)RU\TPU\book\29770 
035 |a BOOK00029845 
090 |a 29505 
100 |a 20011209d1999 u y0rusy50 ca 
101 0 |a rus 
102 |a RU 
105 |a  000ay 
200 1 |a Жизнь незамечательных людей  |e Повести. Рассказы  |f М. Н. Кураев 
210 |a Курган  |c Зауралье  |d 1999 
215 |a 540 с. 
225 1 |a Современная русская классика 
327 0 |a Содерж.: Ночной дозор; Зеркало Монтачки; Смертное мгновение; Шведский сувенир; Блок-Ада и др. 
610 1 |a повести 
610 1 |a рассказы 
675 |a Р2  |v 3 
700 1 |a Кураев  |g Михаил Николаевич 
801 0 |a RU  |b 63413507  |c 20011209  |g PSBO 
942 |c BK